Funny sports team names: guess the country - Statistics

General Stats
  • This quiz has been taken 48 times
  • The average score is 7 of 15
Answer Stats
Hint Answer % Correct
Basket Racing (Basketball), Paris France
91%
Gas Creators (American football), Tokyo Japan
84%
Deportivo Moron (soccer), Buenos Aires Argentina
77%
Dirtbags (baseball), Long Beach USA
70%
4.25 ch'eyuktan (various), Pyongyang North Korea
59%
Insurance Management Bears (soccer), Nassau Bahamas
57%
Indi Commandos (cricket), Kochi India
50%
Club Destroyer’s (soccer), Santa Cruz Bolivia
45%
Eleven Men In Flight (soccer), Siteki Eswatini
39%
FC Santa Claus (soccer), Rovaniemi Finland
36%
Deportivo Wanka (soccer), Huancayo Peru
32%
Miscellaneous (soccer), Serowe Botswana
30%
Mysterious Ebusua Dwarfs (soccer), Cape Coast Ghana
27%
Colors X-Factors (cricket), Kirtipur Nepal
18%
Wikki Tourists FC (soccer), Bauchi Nigeria
16%
No matching quizzes found
Score Distribution
Percent of People with Each Score
Percentile by Number Answered
Your Score History
You have not taken this quiz